<?xml version="1.0" encoding="UTF-8"?><?xml-stylesheet type="text/xsl" href="static/style.xsl"?><OAI-PMH xmlns="http://www.openarchives.org/OAI/2.0/" xmlns:xsi="http://www.w3.org/2001/XMLSchema-instance" xsi:schemaLocation="http://www.openarchives.org/OAI/2.0/ http://www.openarchives.org/OAI/2.0/OAI-PMH.xsd"><responseDate>2026-04-17T05:49:40Z</responseDate><request verb="GetRecord" identifier="oai:www.recercat.cat:2099.1/15129" metadataPrefix="marc">https://recercat.cat/oai/request</request><GetRecord><record><header><identifier>oai:recercat.cat:2099.1/15129</identifier><datestamp>2025-07-22T16:19:42Z</datestamp><setSpec>com_2072_1033</setSpec><setSpec>col_2072_452951</setSpec></header><metadata><record xmlns="http://www.loc.gov/MARC21/slim" xmlns:dcterms="http://purl.org/dc/terms/" xmlns:xsi="http://www.w3.org/2001/XMLSchema-instance" xmlns:doc="http://www.lyncode.com/xoai" xsi:schemaLocation="http://www.loc.gov/MARC21/slim http://www.loc.gov/standards/marcxml/schema/MARC21slim.xsd">
   <leader>00925njm 22002777a 4500</leader>
   <datafield ind2=" " ind1=" " tag="042">
      <subfield code="a">dc</subfield>
   </datafield>
   <datafield ind2=" " ind1=" " tag="720">
      <subfield code="a">Maymó Rosell, Adrià</subfield>
      <subfield code="e">author</subfield>
   </datafield>
   <datafield ind2=" " ind1=" " tag="720">
      <subfield code="a">Cornet Rocasalbas, Ana</subfield>
      <subfield code="e">author</subfield>
   </datafield>
   <datafield ind2=" " ind1=" " tag="260">
      <subfield code="c">2012-02</subfield>
   </datafield>
   <datafield ind2=" " ind1=" " tag="520">
      <subfield code="a">L’objectiu del Projecte Final de Grau “Adaptar un edifici per a discapacitats” és aconseguir adaptar&#xd;
un bloc de pisos antic destinat a l’ús habitual de vivenda amb persones amb totes les facultats&#xd;
plenes a persones amb discapacitats.&#xd;
Per aquest motiu s’han estudiat els diferents tipus de discapacitats i les necessitats específiques&#xd;
associades a cada una per dissenyar un conjunt de habitatges en un edifici existent, i que sense&#xd;
modificar la seva estructura, estigui adaptat perquè aquests usuaris puguin desenvolupar la seva&#xd;
vida diària minimitzant les barreres i dificultats que la construcció tradicional els hi posava.&#xd;
L’edifici existent, situat al terme municipal de Camprodon, és antic, sense ascensor i amb moltes de&#xd;
les instal·lacions obsoletes. Disposa de set habitatges i tres locals comercials distribuïts en planta&#xd;
soterrani, planta baixa, dues plantes pis i una planta àtic.&#xd;
A la reforma, destinarem aquests habitatges a persones amb discapacitats amb equipaments&#xd;
adaptats a les diferents discapacitats, distribuint-los de tal manera que a la planta baixa hi trobem&#xd;
una persona de la tercera edat, a la planta primera dues persones amb discapacitat motrius, a la&#xd;
planta segona dues persones amb discapacitat visual i una amb discapacitat auditiva i, finalment, a&#xd;
la planta àtic una persona amb discapacitat intel·lectual. Es conservaran els locals existents situats&#xd;
a la planta baixa i s’utilitzarà l’espai del local de la planta soterrani per al recinte de les&#xd;
instal·lacions, ja que l’alçada lliure a l’interior de l’espai és inferior a 2,50 m.&#xd;
Per a la realització d’aquesta reforma es contemplen les necessitats especifiques associades a les&#xd;
seves discapacitats i s’aporten les solucions constructives i tecnològiques per a facilitar la seva vida&#xd;
diària.&#xd;
A més a més, també es renovaran totes les instal·lacions necessàries dins els habitatges i&#xd;
s’inclouran algunes instal·lacions no existents com el gas, un sistema d’extinció d’incendis, les&#xd;
plaques solats i la domòtica.</subfield>
   </datafield>
   <datafield tag="653" ind2=" " ind1=" ">
      <subfield code="a">Àrees temàtiques de la UPC::Edificació::Instal·lacions i acondicionament d'edificis</subfield>
   </datafield>
   <datafield tag="653" ind2=" " ind1=" ">
      <subfield code="a">People with disabilities -- Housing</subfield>
   </datafield>
   <datafield tag="653" ind2=" " ind1=" ">
      <subfield code="a">Buildings -- Repair an reconstruction</subfield>
   </datafield>
   <datafield tag="653" ind2=" " ind1=" ">
      <subfield code="a">Discapacitats -- Habitatge</subfield>
   </datafield>
   <datafield tag="653" ind2=" " ind1=" ">
      <subfield code="a">Edificis -- Remodelació</subfield>
   </datafield>
   <datafield ind2="0" ind1="0" tag="245">
      <subfield code="a">Adaptar un edifici per a discapacitats</subfield>
   </datafield>
</record></metadata></record></GetRecord></OAI-PMH>